Ranking top 20 zawodników NBA right now - Statystyki

Ogólne statystyki
  • Ten quiz został rozwiązany 1 842 razy
  • Średni wynik to 13 z 20
Statystyki odpowiedzi
Hint Odpowiedź % Poprawnych
8. LeBron James
99%
3. Stephen Curry
95%
4. Nikola Jokić
93%
7. Luka Doncić
89%
2. Kevin Durant
85%
13. James Harden
80%
1. Giannis Antetokounmpo
76%
6. Jayson Tatum
74%
5. Joel Embiid
74%
16. Anthony Davis
71%
10. Ja Morant
65%
11. Devin Booker
62%
9. Kawhi Leonard
61%
18. Damian Lillard
57%
12. Jimmy Butler
53%
15. Trae Young
50%
20. Paul George
48%
17. Donovan Mitchell
38%
14. Karl-Anthony Towns
31%
19. Bradley Beal
22%
Nie znaleziono quizów pasujących do podanych kryteriów
Rozkład punktacji
Procent ludzi z każdym wynikiem
Percentyl według liczby udzielonych odpowiedzi
Twoja historia wyników
Nie rozwiązałeś tego quizu